000 00309nam a2200121 i 4500
001 bg
245 0 _aAccuracy estimates and adaptive refinements in finite element computations.
260 _aChichester,
_c1986.
040 _cBPK
041 _apol
942 _cKS
008 s pl f |000 0 pol
999 _c28927
_d28927
856 _uhttp://koha.tu.koszalin.pl/cgi-bin/koha/opac-detail.pl?biblionumber=28927
_yKatalog online BPK